000 00844cam a2200253 a 4500
001 23924
003 BD-RjUL
005 20211209001003.0
008 140312r19521910nyuaf j 000 1 eng
035 _a(BD-RjUL)23989
040 _aDLC
_cCarP
_dDLC
_dBD-RjUL
_beng
041 1 _aeng
_hger
051 _aPZ7.S772
_bH7 Copy 2
_cPart of the collection assembled by Margolis & Moss, purchased by LC in 2008.
082 _a823.6
_bSPH 1952
100 1 _aSpyri, Johanna,
_d1827-1901.
_967225
245 1 0 _aHeidi /
_cby Johanna Spyri.
260 _aNew York :
_bDutton,
_c1910 [Reprinted 1952].
300 _aix, 262 p. :
_bcol. ill. ;
_c18 cm.
650 0 _aOrphans
_vFiction.
_942358
655 7 _aPublishers' cloth bindings (Binding)
_zNew York (State)
_zNew York
_2rbbin
_973670
942 _2ddc
_cBK
999 _c23924
_d23924